| 000 | 00460nam a2200181 i 4500 | ||
|---|---|---|---|
| 001 | 135083 | ||
| 003 | ES-MaACL | ||
| 005 | 20230906194813.0 | ||
| 007 | t| | ||
| 008 | 070709s1972 sp ||||1| spa d | ||
| 080 | _a241.511 | ||
| 100 | 1 |
_aThomas, J. D. _9110023 |
|
| 245 | 1 | 0 |
_aRazón, ciencia y fe / _cJ.D. Thomas. |
| 260 |
_aMadrid : _bIrmayol, _c[1972] |
||
| 300 |
_a263 p. ; _c20 cm. |
||
| 650 | 1 | 4 |
_aFe. _912734 |
| 852 |
_aES-MaACL _jC-51732 _bR.83776 |
||
| 999 |
_c135083 _d135083 |
||